Country Shapes of Africa - Statistics

General Stats
  • This quiz has been taken 926 times
  • The average score is 43 of 54
Answer Stats
Picture Answer % Correct
Egypt
100%
South Africa
99%
Morocco
95%
Somalia
95%
DR Congo
93%
Madagascar
92%
Senegal
92%
Benin
91%
Mali
91%
Algeria
90%
Gambia
90%
Ethiopia
89%
Namibia
89%
Libya
88%
Mozambique
87%
Chad
86%
Malawi
86%
Sudan
86%
Angola
85%
Togo
85%
Zambia
85%
Cameroon
83%
Tunisia
83%
Eritrea
82%
Cabo Verde
81%
Comoros
81%
Mauritania
81%
Nigeria
81%
Equatorial Guinea
80%
Ghana
80%
Niger
80%
São Tomé and Príncipe
80%
Seychelles
80%
Mauritius
78%
Côte d'Ivoire
77%
Liberia
76%
Tanzania
76%
Central African Republic
75%
Burkina Faso
74%
Guinea
72%
Guinea-Bissau
72%
Republic of the Congo
72%
Gabon
70%
Kenya
70%
Zimbabwe
70%
South Sudan
68%
Botswana
66%
Djibouti
65%
Burundi
64%
Uganda
64%
Eswatini
63%
Sierra Leone
63%
Lesotho
62%
Rwanda
59%
No matching quizzes found
Score Distribution
Percent of People with Each Score
Percentile by Number Answered
Your Score History
You have not taken this quiz